History Quiz

Random History or Clickable Quiz

Top MoMA Painters Quiz Stats

 Plays Quiz not verified by Sporcle

Challenge
Share
Tweet
Embed
Score 0/10 Timer 03:00
0 Plays Today
% Correct
Pablo Picasso
86.4%
Henri Matisse
77.3%
Joan Miró
72.7%
Frank Stella
56.4%
Jean Dubuffet
44.5%
Odilon Redon
37.3%
Jacob Lawrence
35.5%
On Kawara
30.9%
Ben Vautier
29.1%
Philip Guston
27.3%

You're not logged in!

Compare scores with friends on all Sporcle quizzes.
Join for Free
OR
Log In

You Might Also Like...

Show Comments

Extras

Top Quizzes Today


Score Distribution

Your Account Isn't Verified!

In order to create a playlist on Sporcle, you need to verify the email address you used during registration. Go to your Sporcle Settings to finish the process.

Report this User

Report this user for behavior that violates our Community Guidelines.

Details: